Normal view
MARC view
Entry Personal Name
001 - CONTROL NUMBER
- control field: 28676
003 - CONTROL NUMBER IDENTIFIER
- control field: dpl
005 - DATE AND TIME OF LATEST TRANSACTION
- control field: 20110622105525.0
008 - FIXED-LENGTH DATA ELEMENTS
- fixed length control field: 110622|||a|||||| | ||| d
040 ## - CATALOGING SOURCE
- Original cataloging agency: dpl
- Transcribing agency: dpl
100 ## - HEADING--PERSONAL NAME
- Personal name: Osman, Shawkat
670 ## - SOURCE DATA FOUND
- Source citation: Work cat.: (dpl)47303: Osman, Shawkat, East India vegetarian cookbook /, 2010
670 ## - SOURCE DATA FOUND
- Source citation: Work cat.: (dpl)47303: Osman, Shawkat, East India vegetarian cookbook /, 2010
